| 000 | 00409nam a22001577a 4500 | ||
|---|---|---|---|
| 020 | _a0-06-444026-5 | ||
| 082 |
_a823 _bBON/C |
||
| 100 | _aBONSALL, CROSBY | ||
| 245 |
_aTHE CSE OF THE HUNGRY STRANGER _bSHORT STORY |
||
| 246 |
_aTHE CSE OF THE HUNGRY STRANGER _bSHORT STORY |
||
| 260 |
_aUSA _bHARPER COLLINS PUBLISHERS _c1992 |
||
| 300 | _a64 | ||
| 520 | _aSHORT STORY | ||
| 650 | _aSHORT STORY | ||
| 942 | _cBK | ||
| 999 |
_c2798 _d2798 |
||